CRIME AND CRIMINAL JUSTICE (Record no. 216155)
[ view plain ]
| 000 -LEADER | |
|---|---|
| fixed length control field | 00426nam a22001577a 4500 |
| 008 - FIXED-LENGTH DATA ELEMENTS--GENERAL INFORMATION | |
| fixed length control field | 251110b |||||||| |||| 00| 0 eng d |
| 020 ## - INTERNATIONAL STANDARD BOOK NUMBER | |
| International Standard Book Number | 979-8-88715-077-2 |
| 100 ## - MAIN ENTRY--PERSONAL NAME | |
| Personal name | GORANSON, ALEX |
| 245 ## - TITLE STATEMENT | |
| Title | CRIME AND CRIMINAL JUSTICE |
| 260 ## - PUBLICATION, DISTRIBUTION, ETC. | |
| Place of publication, distribution, etc. | DUBLIN |
| Name of publisher, distributor, etc. | ORYSON PRESS |
| Date of publication, distribution, etc. | 2023 |
| 300 ## - PHYSICAL DESCRIPTION | |
| Extent | VI, 300P. |
| 500 ## - GENERAL NOTE | |
| General note | INCLUDES INDEX |
| 650 ## - SUBJECT ADDED ENTRY | |
| Topical term or geographic name entry element | 1, CRIMINAL JUSTICE, ADMINISTRATION OF |
| 942 ## - ADDED ENTRY ELEMENTS (KOHA) | |
| Source of classification or shelving scheme | Library of Congress Classification |
| Koha item type | Long Loan Book |
| Withdrawn status | Lost status | Source of classification or shelving scheme | Damaged status | Not for loan | Home library | Current library | Date acquired | Inventory number | Total checkouts | Full call number | Barcode | Date last seen | Date last checked out | Copy number | Price effective from | Koha item type |
|---|---|---|---|---|---|---|---|---|---|---|---|---|---|---|---|---|
| Library of Congress Classification | Kisii University Library | Kisii University Library | 11/10/2025 | 109581 | 1 | HV 9950. G67 2023 | 000000017985 | 12/03/2025 | 11/21/2025 | C.1 | 11/10/2025 | Long Loan Book | ||||
| Library of Congress Classification | Kisii University Library | Kisii University Library | 11/10/2025 | 109582 | 2 | HV 9950. G67 2023 | 000000017986 | 01/24/2026 | 01/12/2026 | C.2 | 11/10/2025 | Long Loan Book | ||||
| Library of Congress Classification | Kisii University Library | Kisii University Library | 11/10/2025 | 109583 | HV 9950. G67 2023 | 000000017987 | 11/10/2025 | C.3 | 11/10/2025 | Long Loan Book | ||||||
| Library of Congress Classification | Kisii University Library | Kisii University Library | 11/10/2025 | 109584 | 1 | HV 9950. G67 2023 | 000000017988 | 02/26/2026 | 02/09/2026 | C.4 | 11/10/2025 | Long Loan Book |